A view of the universe / (Record no. 12904)

MARC details
000 -LEADER
campo de control de longitud fija 00611nam a2200217 i 4500
001 - NÚMERO DE CONTROL
campo de control 12904
003 - IDENTIFICADOR DE NÚMERO DE CONTROL
campo de control ES-MaACL
005 - FECHA Y HORA DE LA ÚLTIMA TRANSACCIÓN
campo de control 20250728033823.0
007 - CAMPO FIJO DE DESCRIPCIÓN FÍSICA--INFORMACIÓN GENERAL
campo de control de longitud fija t|
008 - DATOS DE LONGITUD FIJA--INFORMACIÓN GENERAL
campo de control de longitud fija 971007s1995 xxu ||||1| eng d
020 ## - NÚMERO INTERNACIONAL ESTÁNDAR DEL LIBRO
Número Internacional Estándar del Libro 0-521-44477-2
080 ## - NÚMERO DE LA CLASIFICACIÓN DECIMAL UNIVERSAL
Número de la Clasificación Decimal Universal 778.32
100 1# - ENTRADA PRINCIPAL--NOMBRE DE PERSONA
Nombre de persona Malin, David.
9 (RLIN) 75779
245 12 - MENCIÓN DEL TÍTULO
Título A view of the universe /
Mención de responsabilidad, etc. David Malin.
250 ## - MENCION DE EDICION
Mención de edición 1st ed., repr.
260 ## - PUBLICACIÓN, DISTRIBUCIÓN, ETC.
Lugar de publicación, distribución, etc. Cambridge :
Nombre del editor, distribuidor, etc. University Press,
Fecha de publicación, distribución, etc. 1993.
300 ## - DESCRIPCIÓN FÍSICA
Extensión XV, 266 p. :
Otras características físicas il. ;
Dimensiones 27 cm.
650 17 - PUNTO DE ACCESO ADICIONAL DE MATERIA--TÉRMINO DE MATERIA
Término de materia o nombre geográfico como elemento de entrada Fotografía astronómica
Fuente del encabezamiento o término embne
9 (RLIN) 12961
852 ## - LOCALIZACIÓN
Ubicación ES-MaACL
Número de control de estantería L-20231
Sublocalización o colección R.125129
Holdings
Estatus retirado Estado de pérdida Estado de daño No para préstamo Biblioteca de origen Biblioteca actual Ubicación en estantería Fecha de adquisición Fuente de adquisición Total de préstamos Signatura topográfica completa Código de barras Visto por última vez Precio de reemplazo Tipo de ítem Koha
        Biblioteca del Ateneo de Madrid Biblioteca del Ateneo de Madrid Depósito 2 17/01/2008     L-20231 1013143 23/02/2023 23/02/2023 Libro impreso